00908nam a22001697a 450000500170000000800410001705000280005810000210008624501450010726000430025230000210029550000390031665001650035594200130052099900190053395201860055220260514095254.0260514b |||||||| |||| 00| 0 eng d aTHE LC 1099.3 .C44 2026 aCHEPKIRUI, BETTY aMULTICULTURAL EDUCATION AND THE DEVELOPMENT OF INTERCULTURAL COMPETENCE AMONG STUDENTS IN PUBLIC SECONDARY SCHOOLS IN KERICHO COUNTY, KENYA. aKISII,bKISII UNIVERSITY PRESS,c2026. aXVIII,165 P ILL aINCLUDES BIBLIOGRAPHIC REFERENCES. a1. MULTICULTURAL EDUCATION - KENYA- CASE STUDIES. 2. INTERCULTURAL COMPETENCE- KENYA- SECONDARY SCHOOLS. 3. STUDENTS- KENYA- ATTITUDES- CROSS- CULTURAL STUDIES 2lcccREF c217135d217135 00102lcc406THE L C 01099.00003 .C00044 02026708SC9377462aKSULbKSULcDISPLAYd2026-05-14i11372l0oTHE LC 1099.3 .C44 2026pA000405r2026-05-14 09:57:49t1w2026-05-14yREF